Перспективные способы бурения скважин большого диаметра по осложненным разрезам; Проблемы геологии и освоения недр; Т. 2

Bibliografski detalji
Parent link:Проблемы геологии и освоения недр: труды XXI Международного симпозиума имени академика М. А. Усова студентов и молодых ученых, посвященного 130-летию со дня рождения профессора М. И. Кучина, Томск, 3-7 апреля 2017 г./ Национальный исследовательский Томский политехнический университет (ТПУ), Институт природных ресурсов (ИПР) ; под ред. А. С. Боева.— , 2017
Т. 2.— 2017.— [С. 533-534]
Glavni autor: Тимофеев Н. Г.
Autor kompanije: Северо-Восточный федеральный университет им. М. К. Аммосова (СВФУ)
Daljnji autori: Егоров И. А. (научный руководитель), Степура С. А., Скрябин Р. М.
Sažetak:Заглавие с экрана
Jezik:ruski
Izdano: 2017
Serija:Современные техника и технологии бурения скважин
Teme:
Online pristup:http://earchive.tpu.ru/handle/11683/45119
Format: MixedMaterials Elektronički Poglavlje knjige
KOHA link:https://koha.lib.tpu.ru/cgi-bin/koha/opac-detail.pl?biblionumber=625181

MARC

LEADER 00000naa2a2200000 4500
001 625181
005 20231101133341.0
035 |a (RuTPU)RU\TPU\conf\24441 
035 |a RU\TPU\conf\24438 
090 |a 625181 
100 |a 20171207d2017 k y0rusy50 ca 
101 0 |a rus 
102 |a RU 
105 |a y z 100zy 
135 |a drgn ---uucaa 
181 0 |a i  
182 0 |a b 
200 1 |a Перспективные способы бурения скважин большого диаметра по осложненным разрезам  |f Н. Г. Тимофеев, И. А. Егоров, С. А. Степура  |g науч. рук. Р. М. Скрябин 
203 |a Текст  |c электронный 
225 1 |a Современные техника и технологии бурения скважин 
230 |a 1 компьютерный файл (pdf; 337 Kb) 
300 |a Заглавие с экрана 
320 |a [Библиогр.: с. 534 (7 назв.)] 
461 1 |0 (RuTPU)RU\TPU\conf\21932  |t Проблемы геологии и освоения недр  |o труды XXI Международного симпозиума имени академика М. А. Усова студентов и молодых ученых, посвященного 130-летию со дня рождения профессора М. И. Кучина, Томск, 3-7 апреля 2017 г.  |o в 2 т.  |f Национальный исследовательский Томский политехнический университет (ТПУ), Институт природных ресурсов (ИПР) ; под ред. А. С. Боева  |d 2017 
463 1 |0 (RuTPU)RU\TPU\conf\21938  |t Т. 2  |v [С. 533-534]  |d 2017 
610 1 |a электронный ресурс 
610 1 |a перспективные способы 
610 1 |a бурение скважин 
610 1 |a осложненные скважины 
610 1 |a разрушение пород 
610 1 |a скважины большого диаметра 
610 1 |a ударно-вращательное бурение 
610 1 |a дизельные установки 
700 1 |a Тимофеев  |b Н. Г. 
701 1 |a Егоров  |b И. А. 
701 1 |a Степура  |b С. А. 
702 1 |a Скрябин  |b Р. М.  |4 727 
712 0 2 |a Северо-Восточный федеральный университет им. М. К. Аммосова (СВФУ)  |c (Якутск)  |c (2010- )  |2 stltpush  |3 (RuTPU)RU\TPU\col\19952 
801 2 |a RU  |b 63413507  |c 20171212  |g RCR 
856 4 |u http://earchive.tpu.ru/handle/11683/45119 
942 |c BK